000 00609nam a2200181Ia 4500
003 OSt
005 20240325143923.0
008 210210b1959 xxu||||| |||| 00| 0 eng d
040 _cAL
041 _aKannada
082 _a854/322
100 _aSHANKARANARAYANA RAO (H M) ಶಂಕರನಾರಾಯಣ ರಾವ್ ಎಚ್ ಎಂ
_9138417
245 _aShudraka kaviya mrachchakatika prakarana
_bಶೂದ್ರಕ ಕವಿಯ ಮೃಚ್ಛಕಟಿಕ ಪ್ರಕರಣ
260 _aMaisuru
_bSharada Mandira
_c1959
690 _aKannada Criticism
_9138422
906 _a020171
942 _2ddc
_cBK
999 _c144323
_d144323